000
00348nam a2200133Ia 4500
003
GCL
008
140319s9999 xx 000 0 ara d
040
_a
GCL /
_c
GCL
082
0
4
_a
كاسيت
_b
352
_b
س ا
100
1
_a
سعيد الحلو
245
1
0
_a
اسهر الليالى /
_c
سعيد الحلو
260
_a
[S.N] :
_b
لا يوجد
490
_a
999
_c
34166
_d
34166